| 000 | 00450nam a22001697a 4500 | ||
|---|---|---|---|
| 999 |
_c7483 _d7481 |
||
| 005 | 20210825103421.0 | ||
| 008 | 210227b ||||| |||| 00| 0 eng d | ||
| 020 | _a9789384875381 | ||
| 041 | _aeng | ||
| 082 | _a620.8 SIN-E | ||
| 100 |
_aSINGH KUMAR AJAY MISHRA NEERJA AND GARG ASHISH _96585 |
||
| 245 | _aEXPERMENTAL BIOTECHNOLOGY | ||
| 260 |
_aMODI NAGAR _bUNNATI PUBLICATION _c2020 |
||
| 300 | _a128 P. | ||
| 650 |
_aPHARMACY _96586 |
||
| 942 | _cBK | ||